Epistemología y educación

Salvato in:
Dettagli Bibliografici
Autori principali: Filloux, Jean Claude (Autore), Esquivel, Juan Eduardo (Autore), Carbajosa Martínez, Diana (Autore)
Natura: Libro
Lingua:spagnolo
Pubblicazione: Ciudad de México UNAM 1991
Serie:Cuadernos del CESU, 25
Soggetti:
Tags: Aggiungi Tag
Nessun Tag, puoi essere il primo ad aggiungerne!!

MARC

LEADER 00000nam a2200000 a 4500
001 UCW7509
003 CL-VaPUC
008 930402e19910000MX |||||||||||||||||spa|d
082 0 4 |a 370.1  |b FIL  |2 21 
100 0 |a Filloux, Jean Claude  |e author  |9 312657 
700 0 |a Esquivel, Juan Eduardo  |e author  |9 312658 
700 0 |a Carbajosa Martínez, Diana  |e author  |9 312659 
245 1 0 |a Epistemología y educación 
300 |a 92 p 
942 |c BK 
945 |d 19930402 00:00:00 
260 |a Ciudad de México  |b UNAM  |c 1991 
650 0 |a Epistemología   |9 264994 
650 0 |a Filosofía de la educación   |9 258384 
583 |a last modification  |c 19930402 00:00:00  |k Rodrigo Vera 
490 0 |a Cuadernos del CESU, 25 
999 |c 220236  |d 220234 
952 |0 0  |1 0  |4 0  |6 370_100000000000000_FIL_1991  |7 0  |8 P  |9 212182  |a BIBEDU  |b BIBEDU  |c BIBEDU_PB  |d 2019-11-15  |i 2804395  |o 370.1 FIL 1991  |p 2804395  |r 2024-01-25  |w 2019-11-15  |y BK  |k EDU